00473nam a2200169Ia 4500003000400000008004100004040001600045082001600061100002200077245008000099260004800179300000800227650001500235650001600250650001400266650002300280GCL140319s9999 xx 000 0 eng d aGCL / cGCL04a928.58bC T1 aCAPELAND, REBECCA10aTHE SOUND OF THE WIND: THE LIFE AND WORKS OF UNOCHIYO / cCAPELAND, REBECCA a[S.N] : bTUTTLE, CHARESE COMPANY ، c1993 a25304aCHIYO, UNO04aTRANSLATION04aBIOGRAPHY04aJAPAN - LITERATURE